Sports Quiz

Random Sports Quiz

Complete the Card: SummerSlam 1990 Quiz Stats

 Plays Quiz not verified by Sporcle

Challenge
Share
Tweet
Embed
Score 0/26 Timer 03:00
0 Plays Today
Match Type Wrestler % Correct
Match 9 - Singles MatchHulk Hogan
98.2%
Match 5 - 2-out-of-3 Falls Match for the WWF Tag Team ChampionshipBret Hart
97.9%
Match 10 - Steel Cage Match for the WWF ChampionshipThe Ultimate Warrior
97.7%
Match 2 - Singles Match for the WWF Intercontinental ChampionshipMr. Perfect
96.6%
Match 5 - 2-out-of-3 Falls Match for the WWF Tag Team ChampionshipJim Neidhart
96.6%
Match 10 - Steel Cage Match for the WWF ChampionshipRick Rude
96.6%
Match 1 - Tag Team MatchShawn Michaels
95.6%
Match 5 - 2-out-of-3 Falls Match for the WWF Tag Team ChampionshipSmash
94.5%
Match 1 - Tag Team MatchMarty Jannetty
94%
Match 5 - 2-out-of-3 Falls Match for the WWF Tag Team ChampionshipCrush
93.8%
Match 8 - Singles MatchRandy Savage
92.5%
Match 9 - Singles MatchEarthquake
91.9%
Match 6 - Singles Match with Big Boss Man as Special Guest RefereeJake Roberts
90.1%
Match Type Wrestler % Correct
Match 1 - Tag Team MatchHercules
87.8%
Match 3 - Singles MatchSensational Sherri
87.8%
Match 8 - Singles MatchDusty Rhodes
86.5%
Match 1 - Tag Team MatchPaul Roma
86.2%
Match 2 - Singles Match for the WWF Intercontinental ChampionshipThe Texas Tornado
85.2%
Match 4 - Singles MatchTito Santana
83.1%
Match 4 - Singles MatchThe Warlord
82.3%
Match 3 - Singles MatchSapphire
79.5%
Match 7 - Tag Team MatchJim Duggan
77.4%
Match 6 - Singles Match with Big Boss Man as Special Guest RefereeBad News Brown
76.1%
Match 7 - Tag Team MatchSato
73.8%
Match 7 - Tag Team MatchNikolai Volkoff
73.5%
Match 7 - Tag Team MatchTanaka
73%

You're not logged in!

Compare scores with friends on all Sporcle quizzes.
Join for Free
OR
Log In

You Might Also Like...

Show Comments

Extras

Top Quizzes Today


Score Distribution

Your Account Isn't Verified!

In order to create a playlist on Sporcle, you need to verify the email address you used during registration. Go to your Sporcle Settings to finish the process.

Report this User

Report this user for behavior that violates our Community Guidelines.

Details: